Základné ukazovatele za ubytovacie zariadenia cestovného ruchu SR za 1. až 3. štvrťrok 2003

Enregistré dans:
Détails bibliographiques
Format: Livre
Langue:slovaque
anglais
Publié: Bratislava Štatistický úrad Slovenskej republiky 2003
Collection:Vnútorný obchod a služby
Tags: Ajouter un tag
Pas de tags, Soyez le premier à ajouter un tag!

MARC

LEADER 00000nam a2200000 4500
001 0004792
005 20260219134114.2
041 0 |a slo 
041 0 |a eng 
044 |a SK 
245 1 0 |a Základné ukazovatele za ubytovacie zariadenia cestovného ruchu SR za 1. až 3. štvrťrok 2003 
264 1 |a Bratislava  |b Štatistický úrad Slovenskej republiky  |c 2003 
300 |a 82 s. 
490 1 |a Vnútorný obchod a služby 
830 0 |a Vnútorný obchod a služby